00624 a2200169 4500003000500000005001700005010001600022020001500038040000900053082001500062100002200077245004300099260002600142300004500168505020300213650003800416Nust20230209124601.0 a 77536579 a0224618873 cNust00a954.04,MAX1 aMaxwell, Neville,10aIndia's China war / cNeville Maxwell. aLondon,bCape,c1970. a475 p., 6 fold. plates.b6 maps.c23 cm. aHistorical Introduction : The Limits of Empire (Page-17), Collision Course (Page-65), The Forward Policy (Page-171), The View From Peking (Page-257), The Border War (Page-289), Ceasefire (Page-415). 0aSino-Indian Border Dispute, 1957-